00474nam a2200193 a 4500001001300000003000900013005001700022008004100039020000900080082001900089100001800108245002200126260003700148300000900185500003500194505001500229650001800244700001800262nice12345678IN_TiNIC20260116015243.0050524s1995 vara grp 000 0 eng  ac3000a294.5924bVIN1 aVinoba, Bhave aTalks on the Gita aVaranasibServe Seva Sanghc1995 a232p aincludes index and biblioraphy2 aAppendices aBhagavad Gita1 aVinoba, Bhave